| 000 | 00764nam a2200217Ia 4500 | ||
|---|---|---|---|
| 001 | 10889 | ||
| 003 | GE_BSU | ||
| 008 | 181216s||||||||xx |||||||||||||| ||und|| | ||
| 040 | _cGE_BSU | ||
| 080 | _a031(=161.1) | ||
| 245 | _aБольшая Советская Энциклопедия | ||
| 245 | _bТ.21.Кинестезия-Коллизия. | ||
| 245 | _cГл. ред. Б.А. Введенский,члены глав. редакций:Н.Н.Аничков,А.Н.Баранов,и др. | ||
| 250 | _a2-е изд. | ||
| 260 | _aМосква | ||
| 260 | _bГосударственное науч. из-тво. | ||
| 260 | _c1953. | ||
| 300 | _a628стр;илл,28см. | ||
| 653 | _aБольшая Советская Энциклопедия | ||
| 942 | _cBK | ||
| 999 |
_c44131 _d44131 |
||